Представление документа в формате RUSMARC

ПолеНазваниеЗначение
  Тип записи a
  Библиографический уровень m
001 Контрольный номер RU/IS/BASE/250265994
005 Дата корректировки 20210420132522.3
010 Индекс ISBN __
a ISBN 978-5-482-01481-3
d Цена 120-00
101 Язык документа 0_
a Язык текста rus
200 Заглавие и сведения об ответственности 1_
a Заглавие Кодекс Российской Федерации об административных правонарушениях
e Сведения, относящиеся к заглавию по состоянию на 1 фев. 2007 г.
210 Выходные данные 1_
a Место издания М.
c Издательство Проспект
d Дата издания 2007
215 Физическое описание __
a Объем 334, [2] с.
330 Аннотация __
a Аннотация Текст Кодекса подготовлен с использованием юридической системы "Кодекс".
606 Тематические рубрики __
a Основная рубрика право
y Географическая подрубрика Россия
608 Указатель предметных рубрик __
a Жанр/форма официаальное издание
610 Ключевые слова 0_
a Ключевые слова правонарушение административное
a Ключевые слова административные правонарушения
686 Индексы других классификаций __
a Индекс ББК 67.401(2Рос)
801 Источник записи _0
a Страна RU
b Организация ЦРБ, Белый Яр
g Правила каталогизации PSBO
801 Источник записи _1
a Страна RU
b Организация ЦРБ, Белый Яр
g Правила каталогизации PSBO
852 Данные о местонахождении __
j Шифр хранения 67.401(2Рос)
i Авторский знак К 576
p Инвентарный номер 73159
b Сигла хранения 26
901 Тип документа __
t Тип документа m
905 Дата создания БЗ __
a Дата создания БЗ 2007.12.06
990 Данные о заказе (DOS) __
j Количество экземпляров (DOS) 1
h N записи в КСУ для Б/У (DOS) 2007-7